000 00629nam a2200193Ia 4500
005 20250508164819.0
008 008 250505s9999 xx 000 0 eng d
037 _aDissertations
040 _aFEDL
_beng
_cFEDL
041 _aeng
_2eng
084 _a371.2, MIS/DI
_qFEDL
100 _aMishra Sakti Prasad
_9779201
245 0 _aComparative study of the supervisory role of principals and headmasters of secondary schools of Delhi and Bhubaneswar
260 _c1984
300 _aiii,241p.
546 _aM.Phil Dissertation, (Delhi University)
942 _cDIS
_h371.2, MIS/DI
999 _c1391347
_d1391347